Education in the emerging indian society (Record no. 1755)
[ view plain ]
| 000 -LEADER | |
|---|---|
| fixed length control field | 00621cam a2200229ua 4500 |
| 001 - CONTROL NUMBER | |
| control field | 1877 |
| 005 - DATE AND TIME OF LATEST TRANSACTION | |
| control field | 20260515113421.0 |
| 008 - FIXED-LENGTH DATA ELEMENTS--GENERAL INFORMATION | |
| fixed length control field | 110811n ii |||gr||||Z||||||eng |
| 040 ## - CATALOGING SOURCE | |
| Transcribing agency | MAIN |
| 082 ## - DEWEY DECIMAL CLASSIFICATION NUMBER | |
| Classification number | 370.54 |
| 100 ## - MAIN ENTRY--PERSONAL NAME | |
| Personal name | Khanna, S. D., |
| Relator term | Author. |
| 245 1# - TITLE STATEMENT | |
| Title | Education in the emerging indian society |
| Statement of responsibility, etc. | by S. D. Khanna |
| 250 ## - EDITION STATEMENT | |
| Edition statement | 4th. |
| 260 ## - PUBLICATION, DISTRIBUTION, ETC. | |
| Place of publication, distribution, etc. | Delhi: |
| Name of publisher, distributor, etc. | Doaba House, |
| Date of publication, distribution, etc. | 2005. |
| 300 ## - PHYSICAL DESCRIPTION | |
| Extent | vi; 329p: |
| Dimensions | 23cm. |
| 653 ## - INDEX TERM--UNCONTROLLED | |
| Uncontrolled term | Education |
| 653 ## - INDEX TERM--UNCONTROLLED | |
| Uncontrolled term | Education in the emerging indian society |
| 700 ## - ADDED ENTRY--PERSONAL NAME | |
| Personal name | V. K. Saxena, |
| Relator term | Author. |
| 700 ## - ADDED ENTRY--PERSONAL NAME | |
| Personal name | T. P. Lamba, |
| Relator term | Author. |
| 700 ## - ADDED ENTRY--PERSONAL NAME | |
| Personal name | Murthy, V, |
| Relator term | Author. |
| 942 ## - ADDED ENTRY ELEMENTS (KOHA) | |
| Koha item type | Books |
| Withdrawn status | Lost status | Damaged status | Not for loan | Home library | Current library | Shelving location | Date acquired | Total checkouts | Full call number | Barcode | Date last seen | Copy number | Price effective from | Koha item type |
|---|---|---|---|---|---|---|---|---|---|---|---|---|---|---|
| Naharkatiya College Library | Naharkatiya College Library | General stacks | 09/19/2020 | 370.54 | KHA | 19526 | 09/19/2020 | 1 | 09/19/2020 | Books |